Music Quiz

Random Music or Song Quiz

Finish the Famous Song Lyric IV Quiz Stats

 Plays Quiz Updated Jul 6, 2017

Support Sporcle.
Go Orange.
Score 0/28 Timer 06:00
1 Play Today
% Correct
Up
94.8%
World
94.7%
You
94.6%
Time
94.5%
Ways
93.6%
Night
93%
Roof
92.2%
Same
91.8%
Years
91.7%
Away
90.9%
It
90.9%
Ride
88.8%
Place
88.7%
Fine
88.5%
% Correct
Beating
87.6%
Die
87.6%
Prove
87.4%
Perfection
87.4%
Dark
87.3%
Fumanchu
84.8%
Trenchtown
83.2%
Flame
81.8%
Suffer
81.4%
Top
70%
Tear
69.9%
Wilderness
69.8%
Sea
66.7%
River
64.7%

You're not logged in!

Compare scores with friends on all Sporcle quizzes.
OR
Log In
Forgot?

From the Vault

Fruits by Nail Art

by PrincessMartell

We like this quiz cherry much.
Remove Ads.
Support Sporcle.
Get the best of Sporcle when you Go Orange. This ad-free experience offers more features, more stats, and more fun while also helping to support Sporcle. Thank you for becoming a member.

Show Comments

Extras

Top Quizzes Today


Score Distribution

Your Account Isn't Verified!

In order to create a playlist on Sporcle, you need to verify the email address you used during registration. Go to your Sporcle Settings to finish the process.

Report this User

Report this user for behavior that violates our Community Guidelines.

Details: